00731nam a2200229 a 4500001001300000003000900013005001700022008004100039020002600080082001800106100002700124245006600151260004600217300000900263500003500272505002700307650001800334902000800352942000700360952011900367999001500486nice12345678IN_TiNIC20260116013045.0050524s1996 newa grp 000 0 eng  a0231773 c364.2500a294.5211bWAG aWaghorne, Joanne Punzo aGods of Flesh Gods of Stoneb Embodiment of Divinity in India aNew YorkbColumbia University Pressc1996 a208p aincludes index and biblioraphy2 aGlossary, Bibliography aGods-Hinduism bSRS cBK 001040708StackRoom-aHMIbHMId2007-07-23g364.25l0o294.5211 WAGp019328r2007-07-23v364.25w2005-05-24yBK c9464d9464